Faculty of Law Library — Cairo University

Official Online Catalog

Traité De L'instruction Criminelle : (Record no. 71025)

MARC details
000 -LEADER
fixed length control field 01011nam a2200301 i 4500
003 - CONTROL NUMBER IDENTIFIER
control field EG-GICUC
005 - DATE AND TIME OF LATEST TRANSACTION
control field 20260416075142.0
008 - FIXED-LENGTH DATA ELEMENTS--GENERAL INFORMATION
fixed length control field 260415s1866 fr a|||fr|||| 000 0 fre d
040 ## - CATALOGING SOURCE
Original cataloging agency EG-GiCUC
Language of cataloging fre
Transcribing agency EG-GiCUC
Modifying agency EG-GiCUC
Description conventions Rda
041 0# - LANGUAGE CODE
Language code of text/sound track or separate title fre
082 04 - DEWEY DECIMAL CLASSIFICATION NUMBER
Edition number 21
Classification number 343.3
Item number HE . T
092 04 - LOCALLY ASSIGNED DEWEY CALL NUMBER (OCLC)
Edition number 21
099 ## - LOCAL FREE-TEXT CALL NUMBER (OCLC)
Classification number Law1 10 343.3 HE . T 2 ed - 1866
100 1# - MAIN ENTRY--PERSONAL NAME
Personal name Helie, Faustin
Relator term Auteur
245 10 - TITLE STATEMENT
Title Traité De L'instruction Criminelle :
Remainder of title Ou Théorie Du Code D'instruction Criminelle/
Number of part/section of a work Tome Quatrième,
Name of part/section of a work De L'instruction Écrite,
Statement of responsibility, etc. M. Faustin Helie.
250 ## - EDITION STATEMENT
Edition statement Deuxieme Édition
264 #1 - PRODUCTION, PUBLICATION, DISTRIBUTION, MANUFACTURE, AND COPYRIGHT NOTICE
Place of production, publication, distribution, manufacture PARIS
Name of producer, publisher, distributor, manufacturer Henri Plon
Date of production, publication, distribution, manufacture, or copyright notice 1866
300 ## - PHYSICAL DESCRIPTION
Extent 720 page :
Other physical details illustration ;
Dimensions 24 cm.
336 ## - CONTENT TYPE
Source rda contenu
Content type term texte
337 ## - MEDIA TYPE
Source rda medias
Media type term Ordinateur
338 ## - CARRIER TYPE
Source transporteur rda
Carrier type term Ressource en ligne
546 ## - LANGUAGE NOTE
Language note Texte en français
650 1# - SUBJECT ADDED ENTRY--TOPICAL TERM
Topical term or geographic name entry element Droit pénal
Source of heading or term qrmak
651 1# - SUBJECT ADDED ENTRY--GEOGRAPHIC NAME
Source of heading or term qrmak
856 40 - ELECTRONIC LOCATION AND ACCESS
Uniform Resource Identifier <a href="https://fll.law.cu.edu.eg/fulltext/bks/B10-08974.pdf">https://fll.law.cu.edu.eg/fulltext/bks/B10-08974.pdf</a>
905 ## - Cataloger and Reviser Names
Cataloger Name: Esraa Khaled
942 ## - ADDED ENTRY ELEMENTS (KOHA)
Source of classification or shelving scheme Dewey Decimal Classification
Suppress in OPAC No
Koha item type Books
Edition 21
Holdings
Withdrawn status Lost status Source of classification or shelving scheme Damaged status Not for loan Collection Home library Current library Date acquired Total checkouts Full call number Barcode Date last seen Copy number Price effective from Koha item type
    Dewey Decimal Classification   Not for loan القانون الجنائي جــــامعة القــاهرة مكتبة كلية الحقوق - المبنى الرئيسي 15.04.2026   Law1 10 343.3 HE . T 2 ed - 1866 1008974 V4 , C1 B10-08974 15.04.2026 1 15.04.2026 Books

© All rights reserved — Faculty of Law, Cairo University